| 000 | 00570nam a22001937a 4500 | ||
|---|---|---|---|
| 005 | 20250625152425.0 | ||
| 010 | _aENG-145549 | ||
| 020 |
_c2000.00 _a9789357010238 |
||
| 035 | _aEN-129081 | ||
| 037 | _bDBAD | ||
| 082 |
_a709.34 _21 |
||
| 100 |
_aKulkarni, Ravindra M. _982350 |
||
| 245 |
_aMaking of Ajanta/ _cRavindra M. Kulkarni |
||
| 250 | _a1 | ||
| 260 |
_aPune _bRavindra M. Kulkarni _c2022 |
||
| 270 |
_bPune _aUttam Enclave, Phase 1, S.No.155/5/7, Aundh _e411067 |
||
| 300 |
_a74p. _c21cm(hb) _bill. col. |
||
| 942 |
_2ddc _cEN _h709.34 _mKUL _e1 |
||
| 999 |
_c211951 _d211951 |
||